Normal view
MARC view
Entry Personal Name
001 - CONTROL NUMBER
- control field: 1236932
003 - CONTROL NUMBER IDENTIFIER
- control field: OSt
005 - DATE AND TIME OF LATEST TRANSACTION
- control field: 20260430150240.0
008 - FIXED-LENGTH DATA ELEMENTS
- fixed length control field: 260430|| aca||aabn | a|a d
040 ## - CATALOGING SOURCE
- Original cataloging agency: OSt
- Transcribing agency: OSt
100 ## - HEADING--PERSONAL NAME
- Personal name: Lomash Avinash Au.; Kapoor Seema Gu
670 ## - SOURCE DATA FOUND
- Source citation: Work cat.: (OSt)1849326: Lomash Avinash Au.; Kapoor Seema Gu., Study the additive predictability of non-hla markers in the first-degree relatives of children with celliac disease, 2021
